Guess the Hamilton Song #36 - Statistics

General Stats
  • This quiz has been taken 804 times
  • The average score is 151 of 257
Answer Stats
Lyric % Correct
a
97%
I
97%
the
92%
you?
89%
You
89%
you
89%
you,
89%
And
81%
and
81%
it
79%
to
79%
do
78%
what
78%
my
77%
My
77%
(My
77%
we
76%
your
76%
was
73%
When
73%
when
73%
me
72%
so
72%
have
70%
is
70%
say
68%
for
66%
I'm
66%
Dear
64%
of
64%
on
64%
Theodosia,
62%
be
60%
eyes,
60%
world,
60%
world
60%
mother's
59%
name
56%
smile,
55%
smile
55%
am
54%
If
54%
not
54%
us
54%
all
53%
heart
53%
into
53%
our
53%
came
52%
with
52%
broke
51%
come
51%
cried
51%
fight
51%
make
51%
son,
51%
son
51%
will
51%
that
50%
nation
49%
Philip,
49%
right
49%
smart
49%
thought
49%
you'll
49%
You'll
49%
out,
48%
We'll
48%
we'll
48%
away
47%
blow
47%
young
47%
age
45%
apart
45%
at
45%
fall
45%
never
45%
There
45%
day
43%
every
43%
look
43%
enough
42%
life
42%
bleed
41%
I'll
39%
(I'll
39%
strong
39%
dedicating
38%
foundation
38%
Someday,
38%
someday
38%
style
38%
knock
37%
Oh
37%
quite
37%
word
37%
Domestic
36%
give
36%
lay
36%
pass
35%
more
32%
Pride
32%
sun
32%
undone
32%
Yeah,
32%
around
31%
around)
31%
father
31%
looking
31%
much
31%
now
31%
morning
29%
outshine
28%
wasn't
27%
inside
25%
swear
23%
mistakes)
20%
safe
20%
sound
20%
million
19%
takes
18%
whatever
18%
No matching quizzes found
Score Distribution
Percent of People with Each Score
Percentile by Number Answered
Your Score History
You have not taken this quiz